Harvard business review on rebuilding your business model
Na minha lista:
| Formato: | Livro |
|---|---|
| Idioma: | inglês |
| Publicado em: |
Boston
Harvard Business Review Press
2011
|
| Colecção: | Harvard business review
|
| Assuntos: | |
| Tags: |
Sem tags, seja o primeiro a adicionar uma tag!
|
MARC
| LEADER | 00000nam a2200000 4500 | ||
|---|---|---|---|
| 001 | 0143156 | ||
| 005 | 20240315115406.1 | ||
| 020 | |a 978-1-4221-6262-0 | ||
| 041 | 0 | |a eng | |
| 044 | |a US | ||
| 245 | 1 | 0 | |a Harvard business review on rebuilding your business model |
| 264 | 1 | |a Boston |b Harvard Business Review Press |c 2011 | |
| 300 | |a 278 s. | ||
| 490 | 1 | |a Harvard business review | |
| 830 | 0 | |a Harvard business review | |
| 610 | 2 | 0 | |a politika podnikania |
| 610 | 2 | 0 | |a politika podniková |
| 610 | 2 | 0 | |a inovácia |
| 610 | 2 | 0 | |a stratégia inovačná |
| 610 | 2 | 0 | |a stratégia podnikateľská |
| 610 | 2 | 0 | |a stratégia podniková |